<?xml version="1.0" encoding="UTF-8"?>
<collection xmlns="http://www.loc.gov/MARC21/slim">
 <record>
  <leader>04019cam a22006252c 4500</leader>
  <controlfield tag="001">1114894451</controlfield>
  <controlfield tag="003">DE-627</controlfield>
  <controlfield tag="005">20260518214142.0</controlfield>
  <controlfield tag="007">tu</controlfield>
  <controlfield tag="008">950419s1961    xx ||||| m    00| ||ger c</controlfield>
  <datafield tag="035" ind1=" " ind2=" ">
   <subfield code="a">(DE-627)1114894451</subfield>
  </datafield>
  <datafield tag="035" ind1=" " ind2=" ">
   <subfield code="a">(DE-603)093869606</subfield>
  </datafield>
  <datafield tag="035" ind1=" " ind2=" ">
   <subfield code="a">(DE-576)044894457</subfield>
  </datafield>
  <datafield tag="035" ind1=" " ind2=" ">
   <subfield code="a">(DE-599)BSZ044894457</subfield>
  </datafield>
  <datafield tag="035" ind1=" " ind2=" ">
   <subfield code="a">(OCoLC)312478932</subfield>
  </datafield>
  <datafield tag="035" ind1=" " ind2=" ">
   <subfield code="a">(OCoLC)312478932</subfield>
  </datafield>
  <datafield tag="035" ind1=" " ind2=" ">
   <subfield code="a">(OCoLC)07717458</subfield>
  </datafield>
  <datafield tag="040" ind1=" " ind2=" ">
   <subfield code="a">DE-627</subfield>
   <subfield code="b">ger</subfield>
   <subfield code="c">DE-627</subfield>
   <subfield code="e">rakwb</subfield>
  </datafield>
  <datafield tag="041" ind1=" " ind2=" ">
   <subfield code="a">ger</subfield>
  </datafield>
  <datafield tag="084" ind1=" " ind2=" ">
   <subfield code="a">NF 2118</subfield>
   <subfield code="2">rvk</subfield>
   <subfield code="0">(DE-625)rvk/125212:1218</subfield>
  </datafield>
  <datafield tag="084" ind1=" " ind2=" ">
   <subfield code="a">NF 1305</subfield>
   <subfield code="2">rvk</subfield>
   <subfield code="0">(DE-625)rvk/125211:1212</subfield>
  </datafield>
  <datafield tag="084" ind1=" " ind2=" ">
   <subfield code="a">15.19</subfield>
   <subfield code="2">bkl</subfield>
  </datafield>
  <datafield tag="100" ind1="1" ind2=" ">
   <subfield code="a">Ankel, Cornelius</subfield>
   <subfield code="4">aut</subfield>
  </datafield>
  <datafield tag="245" ind1="1" ind2="5">
   <subfield code="a">Eine linearbandkeramische Siedlung bei Duderstadt (Süd-Hannover)</subfield>
   <subfield code="c">Cornelius Ankel</subfield>
  </datafield>
  <datafield tag="246" ind1="3" ind2="3">
   <subfield code="a">Die Untersuchungen am Euzenberg bei Duderstadt während der Jahre 1952 - 1954</subfield>
  </datafield>
  <datafield tag="249" ind1=" " ind2=" ">
   <subfield code="a">Die Untersuchungen am Euzenberg bei Duderstadt während der Jahre 1952 - 1954</subfield>
   <subfield code="v">von K. Tackenberg</subfield>
  </datafield>
  <datafield tag="264" ind1=" " ind2="1">
   <subfield code="a">Hildesheim</subfield>
   <subfield code="b">Lax</subfield>
   <subfield code="c">1961</subfield>
  </datafield>
  <datafield tag="300" ind1=" " ind2=" ">
   <subfield code="a">58 S., [17] Bl.</subfield>
   <subfield code="b">zahlr. Ill., Kt.</subfield>
  </datafield>
  <datafield tag="336" ind1=" " ind2=" ">
   <subfield code="a">Text</subfield>
   <subfield code="b">txt</subfield>
   <subfield code="2">rdacontent</subfield>
  </datafield>
  <datafield tag="337" ind1=" " ind2=" ">
   <subfield code="a">ohne Hilfsmittel zu benutzen</subfield>
   <subfield code="b">n</subfield>
   <subfield code="2">rdamedia</subfield>
  </datafield>
  <datafield tag="338" ind1=" " ind2=" ">
   <subfield code="a">Band</subfield>
   <subfield code="b">nc</subfield>
   <subfield code="2">rdacarrier</subfield>
  </datafield>
  <datafield tag="490" ind1="1" ind2=" ">
   <subfield code="a">Veröffentlichungen der Urgeschichtlichen Sammlungen des Landesmuseums zu Hannover</subfield>
   <subfield code="v">16</subfield>
  </datafield>
  <datafield tag="502" ind1=" " ind2=" ">
   <subfield code="a">Zugl.: Frankfurt am Main, Univ., Diss., 1956 von Cornelius Ankel</subfield>
  </datafield>
  <datafield tag="505" ind1="8" ind2=" ">
   <subfield code="a">Literaturverz. S. 55 - 58</subfield>
  </datafield>
  <datafield tag="650" ind1="0" ind2="7">
   <subfield code="0">(DE-588)4167695-6</subfield>
   <subfield code="0">(DE-627)105423297</subfield>
   <subfield code="0">(DE-576)209910534</subfield>
   <subfield code="a">Linearbandkeramik</subfield>
   <subfield code="2">gnd</subfield>
  </datafield>
  <datafield tag="651" ind1=" " ind2="7">
   <subfield code="0">(DE-588)4013190-7</subfield>
   <subfield code="0">(DE-627)106345052</subfield>
   <subfield code="0">(DE-576)20890221X</subfield>
   <subfield code="a">Duderstadt</subfield>
   <subfield code="2">gnd</subfield>
  </datafield>
  <datafield tag="655" ind1=" " ind2="7">
   <subfield code="a">Hochschulschrift</subfield>
   <subfield code="0">(DE-588)4113937-9</subfield>
   <subfield code="0">(DE-627)105825778</subfield>
   <subfield code="0">(DE-576)209480580</subfield>
   <subfield code="2">gnd-content</subfield>
  </datafield>
  <datafield tag="689" ind1="0" ind2="0">
   <subfield code="d">g</subfield>
   <subfield code="0">(DE-588)4013190-7</subfield>
   <subfield code="0">(DE-627)106345052</subfield>
   <subfield code="0">(DE-576)20890221X</subfield>
   <subfield code="a">Duderstadt</subfield>
   <subfield code="2">gnd</subfield>
  </datafield>
  <datafield tag="689" ind1="0" ind2="1">
   <subfield code="d">s</subfield>
   <subfield code="0">(DE-588)4167695-6</subfield>
   <subfield code="0">(DE-627)105423297</subfield>
   <subfield code="0">(DE-576)209910534</subfield>
   <subfield code="a">Linearbandkeramik</subfield>
   <subfield code="2">gnd</subfield>
  </datafield>
  <datafield tag="689" ind1="0" ind2=" ">
   <subfield code="5">(DE-627)</subfield>
  </datafield>
  <datafield tag="700" ind1="1" ind2=" ">
   <subfield code="a">Tackenberg, Kurt</subfield>
   <subfield code="d">1899-1992</subfield>
   <subfield code="0">(DE-588)118927191</subfield>
   <subfield code="0">(DE-627)079704581</subfield>
   <subfield code="0">(DE-576)163262381</subfield>
   <subfield code="4">aut</subfield>
  </datafield>
  <datafield tag="751" ind1=" " ind2=" ">
   <subfield code="a">Frankfurt am Main</subfield>
   <subfield code="0">(DE-588)4018118-2</subfield>
   <subfield code="0">(DE-627)106327356</subfield>
   <subfield code="0">(DE-576)208922695</subfield>
   <subfield code="4">uvp</subfield>
  </datafield>
  <datafield tag="787" ind1="0" ind2="8">
   <subfield code="i">Rezensiert in</subfield>
   <subfield code="a">Niquet, Franz, 1910 - 1986</subfield>
   <subfield code="t">[Rezension von: Ankel, Cornelius, Eine linearbandkeramische Siedlung bei Duderstadt (Südhannover)]</subfield>
   <subfield code="d">Hildesheim : August Lax Verlagsbuchhandlung, 1962</subfield>
   <subfield code="w">(DE-627)168157523X</subfield>
  </datafield>
  <datafield tag="787" ind1="0" ind2="8">
   <subfield code="i">Rezensiert in</subfield>
   <subfield code="a">Piepers, Wilhelm, 1916 - 2006</subfield>
   <subfield code="t">[Rezension von: Cornelius Ankel, Eine linearbandkeramische Siedlung bei Duderstadt (Süd-Hannover)]</subfield>
   <subfield code="d">Kevelaer, Rhld. : Verlag Butzon &amp; Berker, 1962</subfield>
   <subfield code="w">(DE-627)173622901X</subfield>
  </datafield>
  <datafield tag="810" ind1="2" ind2=" ">
   <subfield code="a">Niedersächsisches Landesmuseum Hannover</subfield>
   <subfield code="b">Abteilung Urgeschichte</subfield>
   <subfield code="t">Veröffentlichungen der Urgeschichtlichen Sammlungen des Landesmuseums zu Hannover</subfield>
   <subfield code="v">16</subfield>
   <subfield code="9">16</subfield>
   <subfield code="w">(DE-627)13030302X</subfield>
   <subfield code="w">(DE-576)029145090</subfield>
   <subfield code="w">(DE-600)582691-3</subfield>
   <subfield code="x">0931-6280</subfield>
   <subfield code="7">am</subfield>
  </datafield>
  <datafield tag="935" ind1=" " ind2=" ">
   <subfield code="i">SLoT</subfield>
  </datafield>
  <datafield tag="936" ind1="r" ind2="v">
   <subfield code="a">NF 2118</subfield>
   <subfield code="b">Kulturgeschichte und Siedlungsarchäologie</subfield>
   <subfield code="k">Geschichte</subfield>
   <subfield code="k">Ur- und Frühgeschichte / Prähistorische Archäologie</subfield>
   <subfield code="k">Allgemeine und europäische Ur- und Frühgeschichte nach Epochen</subfield>
   <subfield code="k">Steinzeit (- 1800 v. Chr.)</subfield>
   <subfield code="k">Europa</subfield>
   <subfield code="k">Mitteleuropa (Deutschland, Österreich, Schweiz)</subfield>
   <subfield code="k">Deutschland</subfield>
   <subfield code="k">Norddeutschland</subfield>
   <subfield code="k">Kulturgeschichte und Siedlungsarchäologie</subfield>
   <subfield code="0">(DE-627)1397110406</subfield>
   <subfield code="0">(DE-625)rvk/125212:1218</subfield>
   <subfield code="0">(DE-576)327110406</subfield>
  </datafield>
  <datafield tag="936" ind1="r" ind2="v">
   <subfield code="a">NF 1305</subfield>
   <subfield code="b">Einzelbeiträge</subfield>
   <subfield code="k">Geschichte</subfield>
   <subfield code="k">Ur- und Frühgeschichte / Prähistorische Archäologie</subfield>
   <subfield code="k">Allgemeine und europäische Ur- und Frühgeschichte nach Epochen</subfield>
   <subfield code="k">Zeitlich übergreifende Darstellungen</subfield>
   <subfield code="k">Europa</subfield>
   <subfield code="k">Mitteleuropa (Deutschland, Österreich, Schweiz)</subfield>
   <subfield code="k">Deutschland</subfield>
   <subfield code="k">West- und Mitteldeutschland</subfield>
   <subfield code="k">Einzelbeiträge</subfield>
   <subfield code="0">(DE-627)1399013947</subfield>
   <subfield code="0">(DE-625)rvk/125211:1212</subfield>
   <subfield code="0">(DE-576)329013947</subfield>
  </datafield>
  <datafield tag="936" ind1="b" ind2="k">
   <subfield code="a">15.19</subfield>
   <subfield code="j">Vor- und Frühgeschichte</subfield>
   <subfield code="q">coli-conc RVK-&gt;BK</subfield>
   <subfield code="q">https://coli-conc.gbv.de/api/mappings/86628ea8-ce7c-4261-a534-79c6ddd79ae8</subfield>
   <subfield code="0">(DE-627)10640329X</subfield>
  </datafield>
  <datafield tag="936" ind1="s" ind2="n">
   <subfield code="a">n100</subfield>
   <subfield code="2">mzub</subfield>
  </datafield>
  <datafield tag="951" ind1=" " ind2=" ">
   <subfield code="a">BO</subfield>
  </datafield>
  <datafield tag="990" ind1=" " ind2=" ">
   <subfield code="a">Duderstadt</subfield>
  </datafield>
  <datafield tag="990" ind1=" " ind2=" ">
   <subfield code="a">Linearbandkeramik</subfield>
  </datafield>
  <datafield tag="991" ind1=" " ind2=" ">
   <subfield code="a">Rezensiertes Werk</subfield>
  </datafield>
  <datafield tag="999" ind1=" " ind2=" ">
   <subfield code="a">KXP-PPN1114894451</subfield>
   <subfield code="e">4787748947</subfield>
  </datafield>
 </record>
</collection>
